Turkish Foods by Pictures - Statistics

General Stats
  • This quiz has been taken 81 times
  • The average score is 28 of 48
Answer Stats
Picture Answer % Correct
Baklava
99%
Pide
90%
Yaprak Sarması
85%
Lahmacun
83%
Ayran
82%
Çiğköfte
82%
Menemen
79%
Mantı
77%
Köfte
76%
Kumpir
75%
Türk Kahvesi
75%
Rakı
73%
Türk Lokumu
73%
Biber Dolması
72%
İçli Köfte
72%
İskender
72%
Sütlaç
68%
Künefe
66%
Tulumba Tatlısı
66%
Mıhlama
63%
Mercimek Köftesi
62%
Aşure
61%
Tantuni
61%
Kazandibi
59%
Yağlama
59%
Döner
56%
Güllaç
56%
Hamsi Tava
56%
Maraş Dondurması
56%
İzmir Bombası
55%
Lahana Sarması
54%
Ezogelin Çorbası
52%
Karnıyarık
52%
Etli Ekmek
45%
Mücver
45%
Yayla Çorbası
44%
Kumru
41%
Keşkek
39%
Kemalpaşa Tatlısı
38%
Patlıcan Kebabı
38%
Hünkar Beğendi
37%
Izgara Kanat
37%
Kebap
37%
Otlu Peynir
28%
Şöbiyet
28%
Boyoz
27%
Beyti Kebabı
25%
Trabzon Pidesi
20%
No matching quizzes found
Score Distribution
Percent of People with Each Score
Percentile by Number Answered
Your Score History
You have not taken this quiz